[Event "82nd Tata Steel Challengers 2020"]
[Site "Wijk aan Zee"]
[Date "2020.01.13"]
[Round "3.4"]
[White "Nihal Sarin"]
[Black "Smirnov, Anton"]
[Result "1/2-1/2"]
[WhiteElo "2618"]
[BlackElo "2604"]
[Annotator "TA"]
[PlyCount "60"]
[EventDate "2020.01.11"]
[EventType "tourn"]
[EventCountry "NED"]
[SourceTitle "playchess.com"]
[Source "ChessBase"]
[SourceQuality "1"]

{[%evp 9,60,5,21,29,26,7,15,22,59,54,51,54,76,74,108,67,91,58,87,88,82,52,57,54,56,19,25,21,23,38,36,51,51,51,58,62,61,49,50,49,62,50,93,109,98,61,112,95,100,86,95,68,70]} 1. d4 d5 2. c4 c6 3. cxd5 cxd5 4. Bg5 (4. Nf3 Nf6 5. Nc3 Nc6 6. Bf4 Bf5 7. e3 e6 8. Bd3 Bxd3 9. Qxd3 Bd6 10. Bxd6 Qxd6 {½-½ (10) Dreev,A (2677)-Mamedyarov,S (2772) Moscow 2019}) 4... h6 5. Bh4 Qb6 6. Nc3 {D10: Slav Defence: 3 cxd5 (without early Nf3) and 3 Nc3} e6 7. Qd2 Nc6 8. e3 {The position is equal.} Nge7 9. Bd3 $1 Bd7 10. Nf3 g5 11. Bg3 Bg7 12. Rc1 $146 a6 13. Na4 Qd8 14. Nc5 Bc8 15. b4 O-O 16. O-O Nf5 17. a3 Nxg3 18. hxg3 g4 19. Nh4 Ne7 20. Bb1 f5 21. Nd3 Bd7 22. Nf4 Rc8 23. f3 Rxc1 24. Rxc1 gxf3 25. gxf3 Nc6 26. Kf2 Rf7 27. Nd3 b6 ({Better is} 27... Qf6 $14) 28. Ng2 Be8 29. Ngf4 Qd6 30. Bc2 Nd8 {Accuracy: White = 46%, Black = 58%.} 1/2-1/2

[Event "82nd Tata Steel Challengers 2020"]
[Site "Wijk aan Zee"]
[Date "2020.01.13"]
[Round "3.5"]
[White "Keymer, Vincent"]
[Black "Warmerdam, Max"]
[Result "1/2-1/2"]
[WhiteElo "2527"]
[BlackElo "2498"]
[Annotator "TA"]
[PlyCount "90"]
[EventDate "2020.01.11"]
[EventType "tourn"]
[EventCountry "NED"]
[SourceTitle "playchess.com"]
[Source "ChessBase"]
[SourceQuality "1"]

{[%evp 9,90,8,8,10,18,0,0,-2,0,-7,0,0,0,14,15,0,0,0,0,0,0,0,0,0,0,0,20,18,62,55,48,29,29,29,41,29,40,44,52,21,37,0,23,18,39,33,60,67,77,77,65,66,66,66,66,66,65,69,73,70,80,76,77,60,54,52,50,42,56,-31,-31,-31,-31,-31,-31,-31,-31,-18,-25,-79,-8,-8,0]} 1. Nf3 Nf6 2. c4 e6 3. Nc3 d5 4. e3 c5 5. cxd5 exd5 6. Bb5+ {A17: English Opening: 1...Nf6 with ...Bb4} Nbd7 7. O-O a6 8. Be2 Bd6 9. b3 O-O $146 ({Predecessor:} 9... b5 10. Bb2 O-O 11. Rc1 Nb6 12. a4 b4 13. Nb1 a5 {1-0 (43) Bok,B (2645)-Werle,J (2555) Amsterdam 2019}) 10. d4 b5 11. dxc5 Nxc5 12. Ba3 Bb7 13. Rc1 Rc8 14. Nd4 Re8 15. Bg4 Nxg4 16. Qxg4 h5 17. Qd1 Qf6 18. Nce2 ({Of course not} 18. Qxh5 Nd3 $15) 18... h4 19. h3 Qg6 20. Nf4 Bxf4 21. Bxc5 Bb8 {[#] Hoping for ...Rxc5!} 22. Qg4 Qxg4 23. hxg4 g6 24. Rfe1 Re4 25. f3 Ree8 26. b4 Bg3 27. Red1 Rxe3 28. Nf5 $1 $36 {[%cal Rf5e3][%mdl 2048] White has some pressure.} Rxc5 29. Nxe3 Rxc1 30. Rxc1 $14 {[%mdl 4096] Endgame KRN-KB} Bf4 31. Re1 d4 32. Nf1 $1 Bd5 33. Re8+ Kg7 34. Rd8 Bxa2 35. Rxd4 Be5 36. Re4 Bc3 37. g5 h3 38. Ne3 Bb1 39. Nd5 (39. Rg4 $14) 39... Bxe4 $15 40. Nxc3 {KB-KN} Bc6 41. gxh3 Bxf3 42. Kf2 Bb7 {White must now prevent ...f6.} 43. Ke3 f6 44. Kf4 $1 fxg5+ (44... Kf7 $17 45. Ne2 Bd5) 45. Kxg5 $11 a5 {Accuracy: White = 68%, Black = 52%.} 1/2-1/2

[Event "82nd Tata Steel Challengers 2020"]
[Site "Wijk aan Zee"]
[Date "2020.01.13"]
[Round "3.6"]
[White "L'Ami, Erwin"]
[Black "Van Foreest, Lucas"]
[Result "1/2-1/2"]
[WhiteElo "2606"]
[BlackElo "2523"]
[Annotator "TA"]
[PlyCount "74"]
[EventDate "2020.01.11"]
[EventType "tourn"]
[EventCountry "NED"]
[SourceTitle "playchess.com"]
[Source "ChessBase"]
[SourceQuality "1"]

{[%evp 15,74,13,17,18,16,19,13,19,19,19,22,14,21,20,14,16,21,22,20,20,24,21,19,6,5,8,6,-31,-31,-27,-27,-43,-58,-72,-72,-88,-86,-84,-14,-75,-84,-106,-72,-104,-104,-110,-90,-84,-83,-88,0,0,0,0,0,0,0,0,0,0,0]} 1. e4 e5 2. Nf3 Nc6 3. Bb5 Nf6 4. O-O Nxe4 5. Re1 Nd6 6. Nxe5 Be7 7. Bf1 Nxe5 8. Rxe5 O-O 9. Nc3 {[%cal Bb1c3,Bc3d5,Bd5e3,Be3f5][%mdl 32] C67: Ruy Lopez: Berlin Defence: 4 0-0 Nxe4} Ne8 10. Nd5 Bd6 11. Re1 c6 12. Ne3 Be7 13. Nf5 Bf6 14. Qe2 {[#]} Kh8 $146 ({Predecessor:} 14... d5 15. Ne7+ Bxe7 16. Qxe7 Qxe7 17. Rxe7 {½-½ (30) Wang,H (2730)-Aronian,L (2765) St Petersburg 2018}) 15. Ne7 Nc7 16. Nxc8 Qxc8 17. c3 d5 18. d4 Re8 19. Be3 Bg5 20. Qf3 Bxe3 21. fxe3 f5 22. Bd3 g6 23. g4 fxg4 24. Qf6+ Kg8 25. e4 dxe4 26. Bxe4 ({Avoid the trap} 26. Bc4+ $2 Nd5 $19) 26... Qe6 (26... Qd8 $17 27. Qf4 Qd7) 27. Qf4 (27. Qh4 $11 {keeps the balance.}) 27... Qd7 $17 28. Bd3 Kg7 29. Re5 Nd5 30. Qg5 ({But not} 30. Rxd5 $2 Qxd5 31. Rf1 Rf8 $19) 30... Qd8 31. Qxg4 Rxe5 32. dxe5 Ne3 ({Better is} 32... Qb6+ $17 33. Qd4 Rd8 34. Qxb6 Nxb6) 33. Qf4 $1 $11 {[%cal Rf4e3] The position is equal.} Qxd3 34. Qf6+ Kh6 35. Qh4+ Kg7 {[#] Hoping for ...Rf8.} 36. Qf6+ Kh6 37. Qh4+ Kg7 {Accuracy: White = 65%, Black = 71%.} 1/2-1/2

[Event "82nd Tata Steel Challengers 2020"]
[Site "Wijk aan Zee"]
[Date "2020.01.13"]
[Round "3.7"]
[White "Anton Guijarro, David"]
[Black "Mamedov, Rauf"]
[Result "1/2-1/2"]
[WhiteElo "2694"]
[BlackElo "2659"]
[Annotator "TA"]
[PlyCount "64"]
[EventDate "2020.01.11"]
[EventType "tourn"]
[EventCountry "NED"]
[SourceTitle "playchess.com"]
[Source "ChessBase"]
[SourceQuality "1"]

{[%evp 27,64,17,28,26,28,28,29,30,28,25,24,22,28,18,18,18,18,18,18,11,18,18,18,18,19,19,19,0,0,0,0,0,0,0,0,0,0,0,0]} 1. d4 d5 2. c4 c6 3. Nf3 Nf6 4. Nc3 dxc4 5. a4 Bf5 6. e3 e6 7. Bxc4 Bb4 8. O-O Nbd7 9. Qe2 O-O 10. e4 Bg6 11. Bd3 Bh5 12. e5 Nd5 13. Nxd5 cxd5 14. Qe3 Be7 15. Ng5 {D19: Slav Defence: 5 a4 Bf5 6 e3: Main line with 9 Qe2} Bxg5 16. Qxg5 Qxg5 17. Bxg5 {White has an edge.} Nb8 18. Bd2 Nc6 19. Bc3 {[#]} a5 $146 ({Predecessor:} 19... Bg6 20. Be2 Rac8 21. a5 Rc7 22. Rfe1 Rfc8 {½-½ (35) Cori Tello,J (2549)-Mastrovasilis,D (2608) Tromsoe 2014}) 20. Ra3 Bg6 {The position is equal.} 21. Bb5 Rfc8 22. h4 h5 23. Rfa1 b6 24. f3 f6 25. exf6 gxf6 26. Re1 Kf7 27. Raa1 Rc7 28. Rac1 Rac8 {...Nxd4! is the strong threat.} 29. Ba6 Ra8 30. Bb5 Rac8 {Hoping for ...Nxd4!} 31. Ba6 Ra8 32. Bb5 Rac8 {Accuracy: White = 70%, Black = 79%.} 1/2-1/2

[Event "82nd Tata Steel Challengers 2020"]
[Site "Wijk aan Zee"]
[Date "2020.01.14"]
[Round "4.1"]
[White "Van Foreest, Lucas"]
[Black "Keymer, Vincent"]
[Result "1/2-1/2"]
[WhiteElo "2523"]
[BlackElo "2527"]
[Annotator "TA"]
[PlyCount "116"]
[EventDate "2020.01.11"]
[EventType "tourn"]
[EventCountry "NED"]
[SourceTitle "playchess.com"]
[Source "ChessBase"]
[SourceQuality "1"]

{[%evp 18,116,17,16,20,17,17,14,19,0,8,14,14,12,3,15,16,11,22,21,19,19,20,18,40,31,29,29,23,24,29,29,29,29,30,22,26,19,37,0,0,0,0,0,2,0,20,0,0,-44,-8,-8,0,-93,0,0,39,14,64,52,431,412,433,363,755,683,674,657,1946,920,29982,29983,6215,46,818,46,46,46,46,46,46,46,46,46,46,46,46,46,46,24,46,46,46,46,46,46,46,8,46,20,24]} 1. e4 c6 2. Nf3 d5 3. Nc3 dxe4 4. Nxe4 Nf6 5. Qe2 Nxe4 6. Qxe4 Nd7 7. Bc4 Nf6 8. Qe2 Bf5 9. d4 e6 10. O-O h6 {B17: Caro-Kann: Modern Line (4...Nd7)} (10... Qc7 11. h3 O-O-O 12. a4 h6 13. c3 g5 14. Ne5 Rg8 15. a5 Bd6 16. g4 Bg6 17. f3 Bxe5 18. Qxe5 Qxe5 19. dxe5 {0-1 (57) Guliyev,N (2557)-Kovalenko,I (2653) Wroclaw 2014}) 11. Bf4 Bd6 12. Be5 $146 ({Predecessor:} 12. Ne5 O-O 13. c3 Qc7 14. Rad1 Rad8 15. Rfe1 Rfe8 16. Qf3 Nd5 17. Bg3 a5 18. Bb3 Ra8 19. a4 f6 20. Nd3 Qb6 21. Nc1 Qc7 22. Bxd6 Qxd6 23. c4 Nb4 24. c5 {1-0 (23) Canamas Soler,J (2274)-Winbush,J (1848) ICCF email 2013}) 12... O-O 13. h3 Nd5 14. c3 Nf4 15. Qe3 {Qxf4 is the strong threat.} Nd5 16. Qd2 Bxe5 17. Nxe5 Qd6 18. Rfe1 Rad8 19. Rad1 Nb6 {Hoping for ...f6.} 20. Bb3 Nd7 21. g4 Bh7 22. Nxd7 Rxd7 23. Re5 Qxe5 24. dxe5 Rxd2 25. Rxd2 $11 {[%mdl 4096] Endgame KRB-KRB} Rb8 26. Rd7 Kf8 27. f4 Ke8 28. Bxe6 Bg8 29. f5 ({But not} 29. Bf5 g6 $17) 29... fxe6 30. Rxg7 {KRB-KR} Bf7 31. Rh7 Rd8 32. Rxh6 exf5 33. gxf5 Bxa2 34. Rh8+ Kd7 35. e6+ {[#]} (35. Rh7+ $11 {remains equal.} Kc8 36. e6) 35... Kc8 (35... Kc7 $1 $17 36. Rh7+ Kd6 37. Rxb7 Bb1) 36. Rh7 Rg8+ 37. Kf2 {[%mdl 1024] White has compensation.} Rf8 {aiming for ...Bxe6.} (37... Bb1 $5 {[%cal Rb1f5]} 38. Rf7 Kd8 $11) 38. Kg3 Bb1 $2 {[%mdl 8192]} (38... Rxf5 $14 39. Rh8+ Kc7) 39. Rf7 $18 Re8 40. Kf4 a5 $2 (40... Rh8 41. Kg5 Bc2) 41. h4 Rh8 42. Ke5 a4 43. h5 (43. e7 $142 Kd7 44. Rf8 Kxe7 45. Rxh8) 43... Rxh5 44. Kd6 {[%cal Rf7f8]} Rxf5 {[#]} 45. e7 $2 ({White has to play} 45. c4 $1 $18 {Threatens to win with e7!} Kd8 46. Rxb7) 45... Rd5+ $14 46. Ke6 Ba2 47. Rf8+ Kc7 {Strongly threatening ...Rd6+.} 48. e8=Q Rd8+ $1 49. Ke5 {[%csl Gf8][%cal Re8d8]} Rxe8+ 50. Rxe8 {KR-KB} c5 $1 51. Rh8 Bb3 52. Rh1 b5 53. Rh8 Bc4 54. Rh4 Bb3 55. Rf4 Kc6 56. Rf6+ Kc7 57. Rd6 Bc4 58. Rd2 Bb3 {Accuracy: White = 59%, Black = 51%.} 1/2-1/2

[Event "82nd Tata Steel Challengers 2020"]
[Site "Wijk aan Zee"]
[Date "2020.01.14"]
[Round "4.2"]
[White "Warmerdam, Max"]
[Black "Nihal Sarin"]
[Result "0-1"]
[WhiteElo "2498"]
[BlackElo "2618"]
[Annotator "TA"]
[PlyCount "75"]
[EventDate "2020.01.11"]
[EventType "tourn"]
[EventCountry "NED"]
[SourceTitle "playchess.com"]
[Source "ChessBase"]
[SourceQuality "1"]

{[%evp 9,75,16,40,39,52,30,26,29,25,7,15,14,10,14,11,10,16,16,13,0,0,0,0,0,0,0,45,-7,0,0,0,0,0,0,0,-37,-31,-122,-126,-118,-116,-127,-126,-128,-122,-104,-115,-143,-166,-194,-188,-195,-191,-190,-174,-158,-141,-327,-320,-293,-301,-383,-364,-465,-451,-518,-492,-437]} 1. e4 c6 2. d4 d5 3. e5 c5 4. Nf3 Nc6 (4... cxd4 5. Qxd4 e6 6. Nc3 Nc6 7. Qf4 h6 8. h4 g6 9. Bd3 a6 10. O-O Nge7 11. Ne2 Nf5 12. c3 {0-1 (58) Karjakin,S (2754)-Wei,Y (2725) Jerusalem 2019}) 5. dxc5 e6 6. Be3 {B12: Caro-Kann: Advance Variation} Nh6 7. c3 (7. Bxh6 $5 gxh6 8. Nc3 $11) 7... Nf5 8. Qd2 {White has an edge.} Bd7 9. Na3 Nxe3 $146 ({Predecessor:} 9... b6 10. cxb6 Bxa3 11. b7 Rb8 12. bxa3 Nxe3 {½-½ (43) Kurgansky,V (2426)-Efremov,A (2171) ICCF email 2009}) 10. Qxe3 b6 $1 11. cxb6 $1 Bxa3 12. b7 Rb8 13. bxa3 Rxb7 14. Ba6 Rb2 15. O-O Qb6 16. Qc1 O-O 17. Bd3 h6 18. c4 (18. a4 $14) 18... Rb8 19. cxd5 exd5 20. Rb1 Rxb1 21. Bxb1 Bg4 22. Qc2 {Threatens to win with Qh7+.} g6 23. Re1 (23. Qd2 $15) 23... Bxf3 $1 $17 24. gxf3 {[#]} Nxe5 $1 {[%mdl 512]} 25. Rxe5 {And now Re1 would win.} Qxb1+ 26. Qxb1 Rxb1+ {[%mdl 4096] Endgame KR-KR} 27. Kg2 {[#]} Rb5 $1 28. Re3 Kg7 29. Rb3 {[#]} Ra5 $1 30. f4 Kf6 31. Kf3 Kf5 32. Rd3 {[#]} d4 $1 {[%mdl 512]} 33. h3 $2 (33. Rxd4 $17 Rxa3+ {[%mdl 64] Double Attack} 34. Kg2) 33... Ra4 $19 34. Rb3 a6 35. Rd3 Rc4 {aiming for ...Rc3.} 36. Rd2 h5 37. h4 Rc3+ 38. Ke2 {Accuracy: White = 32%, Black = 87%.} 0-1

[Event "82nd Tata Steel Challengers 2020"]
[Site "Wijk aan Zee"]
[Date "2020.01.14"]
[Round "4.3"]
[White "Abdusattorov, Nodirbek"]
[Black "L'Ami, Erwin"]
[Result "1/2-1/2"]
[WhiteElo "2635"]
[BlackElo "2606"]
[Annotator "TA"]
[PlyCount "208"]
[EventDate "2020.01.11"]
[EventType "tourn"]
[EventCountry "NED"]
[SourceTitle "playchess.com"]
[Source "ChessBase"]
[SourceQuality "1"]

{[%evp 27,208,0,0,0,0,0,0,27,18,0,0,18,0,-16,-20,-25,-24,-33,-33,-23,-16,-12,4,-45,-48,-44,-22,-24,-23,-20,-38,-41,-40,-34,-36,-47,-29,-28,-30,-39,-35,-47,-40,-42,0,0,0,0,0,0,8,8,12,6,0,0,0,0,0,0,0,0,0,0,-4,-33,-52,-133,-60,-91,-97,-188,-194,-190,-187,-118,-77,-112,-76,-140,-140,-154,-173,-190,-190,-240,-226,-248,-252,-237,-245,-247,-60,-60,-60,-60,-60,-60,-39,-39,-56,-53,-52,-60,-60,-60,-60,-60,-60,-60,-60,-60,-60,-60,-60,-60,-60,-60,-60,-60,-60,-60,-60,-60,-60,-60,-60,-60,-60,-60,-60,-60,-60,-60,-60,-60,-60,-60,-60,-60,-60,-60,-60,-60,-60,-60,-60,-60,-60,-60,-60,-60,-60,-60,-60,-60,-60,-60,-60,-60,-60,-60,-60,-66,-66,-66,-66,-66,-66,-66,0,-61,-61,-66,-67,-67,-67,-68,-68,-68,-68,-73,-70]} 1. e4 e5 2. Nf3 Nc6 3. Bb5 a6 4. Ba4 Nf6 5. O-O Be7 6. Re1 b5 7. Bb3 d6 8. c3 O-O 9. h3 Bb7 10. d4 Re8 11. Nbd2 Bf8 12. d5 Nb8 {[%cal Bc6b8,Bb8d7,Bd7c5][%mdl 32]} 13. Nf1 Nbd7 14. Ng3 Nc5 15. Bc2 {C92: Closed Ruy Lopez: 9...Be6, Karpov and Flohr-Zaitsev Variations} c6 {[%cal Rc6d5]} 16. b4 Ncd7 {[%cal Rc6d5]} (16... Na4 17. Bxa4 bxa4 18. c4 cxd5 19. cxd5 Qd7 20. Bg5 Be7 21. Nf5 Bd8 22. Nh2 Nxe4 {½-½ (60) Hammer,J (2625)-Chigaev,M (2623) Budva 2019}) 17. dxc6 {The position is equal.} Bxc6 18. Bb3 {Threatens to win with Ng5.} h6 19. Nh4 a5 20. Ng6 a4 21. Nxf8 Nxf8 ({Much worse is} 21... Rxf8 $6 22. Bc2 $14) 22. Bc2 $1 d5 23. exd5 Qxd5 24. Qxd5 Nxd5 25. Ne4 $146 Rad8 26. Bd2 Nb6 27. Rad1 Ne6 28. Bc1 Bd5 29. Bd3 Bc4 30. Bf1 Bxf1 31. Kxf1 {Black should prevent Nd6.} Nc7 32. Nd6 Re6 33. Nf5 Rxd1 34. Rxd1 Ncd5 35. Rd3 Kh7 (35... Rc6 $5 {[%cal Rc6c3]} 36. Bd2 h5 $15) 36. Ne3 Nf4 37. Rd8 Rc6 38. Bd2 f6 39. Rb8 h5 40. Rb7 Ne6 41. Ke2 Nc7 42. g3 Kg6 43. Rb8 Kf7 44. Kd3 g6 45. f4 h4 46. fxe5 hxg3 {aiming for ...Nbd5.} 47. exf6 ({White should try} 47. Ke2 $15) 47... Nbd5 (47... Nc4 $1 $17 48. Bc1 Nxe3 49. Bxe3 g2) 48. Rb7 Kxf6 {Hoping for ...Nf4+.} 49. Ng2 (49. Be1 $17 {was called for.}) 49... Ke5 $19 50. Nh4 Nf4+ $1 51. Ke3 {[#]} Ncd5+ $1 52. Kf3 g5 53. Rxb5 ({Better is} 53. Ng2) 53... gxh4 $17 54. Bxf4+ {[%mdl 4096] Endgame KRB-KRN} Ke6 55. Bd2 {[#]} Rc8 $1 {[%cal Rc8f8]} ({But not} 55... Nxc3 56. Rh5 $15) 56. c4 Rxc4 {White must now prevent ...g2!} 57. Rc5 Rd4 58. Bg5 Nxb4 59. Be3 Rd1 $2 (59... Rd3 $19 60. Ke4 Rd1) 60. Rc4 $1 $15 {[%cal Rc4b4]} Nd5 {Strongly threatening ...Rf1+.} 61. Ba7 $1 Rd3+ 62. Ke4 Rd2 63. Rxa4 Nc3+ 64. Ke3 Rd7 65. Rxh4 Rxa7 {KRN-KR} 66. Kf3 Rxa2 67. Kxg3 Ke5 68. Rh5+ Ke4 69. Rh8 Nd5 70. Re8+ Kf5 71. Rf8+ Nf6 72. Kf3 Ra3+ 73. Kg2 Ke5 74. h4 Nh5 75. Kf2 Rh3 76. Ra8 Nf6 77. h5 Rxh5 78. Ra5+ Nd5 79. Ra8 Rh2+ 80. Kf3 Rh3+ 81. Kf2 Ne3 82. Ke2 Nf5 83. Re8+ Kf4 84. Kd2 Nd6 85. Rf8+ Ke4 86. Rd8 Nc4+ 87. Kc2 Ne3+ 88. Kd2 Rh2+ 89. Kc3 Nd5+ 90. Kc4 Rc2+ 91. Kb3 Rc3+ 92. Kb2 Rc5 93. Rh8 Kd3 94. Rh3+ Ne3 95. Kb3 Rb5+ 96. Ka4 Rb8 97. Rh4 Kc3 98. Rh3 Kd3 ({Black should play} 98... Kd4 $15) 99. Rh5 (99. Rh4 $1 $11) 99... Rb1 100. Rh3 Kd4 101. Rh4+ Kc5 102. Rh5+ Nd5 103. Ka3 Rb8 104. Ka4 Kc4 {Accuracy: White = 69%, Black = 79%.} 1/2-1/2

[Event "82nd Tata Steel Challengers 2020"]
[Site "Wijk aan Zee"]
[Date "2020.01.14"]
[Round "4.4"]
[White "Mamedov, Rauf"]
[Black "Eljanov, Pavel"]
[Result "1/2-1/2"]
[WhiteElo "2659"]
[BlackElo "2650"]
[Annotator "TA"]
[PlyCount "128"]
[EventDate "2020.01.11"]
[EventType "tourn"]
[EventCountry "NED"]
[SourceTitle "playchess.com"]
[Source "ChessBase"]
[SourceQuality "1"]

{[%evp 16,128,20,15,18,14,11,18,21,0,0,0,0,0,0,0,22,0,0,0,0,0,-16,-6,0,0,0,0,0,0,0,0,0,0,0,0,0,0,0,0,0,0,0,0,4,0,0,0,0,0,0,-17,-5,-7,0,0,0,0,0,-5,0,-4,0,-68,-24,-20,0,-37,0,0,0,0,0,-8,0,-2,-4,0,0,-8,-8,-8,-8,-8,-8,-8,0,-22,-29,-22,0,0,0,0,0,0,0,0,0,0,0,0,0,0,0,0,0,0,0,0,0,0,0,0,0]} 1. e4 e5 2. Nf3 Nc6 3. Bc4 Bc5 4. c3 Nf6 5. d3 d6 6. Nbd2 O-O 7. O-O h6 8. Re1 Bb6 9. Bb3 Re8 {C54: Giuoco Piano: 4 c3 Nf6, main lines with 5 d4 and 5 d3} 10. Nc4 Be6 11. a4 (11. Bc2 Bxc4 12. dxc4 Ne7 13. Nh4 Qd7 14. h3 Qe6 15. Qf3 Nd7 16. Qg3 Qf6 17. Bd2 {1-0 (67) Zhigalko,S (2671)-Zhang,Z (2645) Doha 2016}) 11... Ng4 12. Rf1 $146 ({Predecessor:} 12. Nxb6 Bxb3 13. Qxb3 axb6 14. Bd2 Nf6 15. c4 Qd7 16. Qc2 Nh5 17. Qd1 Nf6 18. Bc3 Qg4 19. h3 Qg6 20. Nh4 Qg5 21. Nf3 Qh5 22. Nh2 {½-½ (22) Swaminathan,R (2060)-Chen,S (1909) Parsippany 2010}) 12... d5 13. Nxb6 axb6 14. Bc2 dxe4 15. dxe4 Na5 16. b4 Qxd1 17. Rxd1 Bb3 18. Bxb3 Nxb3 19. Ra3 Nxc1 (19... Red8 {is interesting.} 20. Re1 Nxc1 21. Rxc1 Ra6 22. Re1 Rda8) 20. Rxc1 Nf6 21. Re1 Re6 22. Kf1 Ne8 23. Nd2 Rc6 24. Ke2 Nd6 25. f3 g6 26. Rc1 Kg7 27. g3 f5 28. Raa1 b5 29. a5 fxe4 30. fxe4 Rf8 31. Rc2 g5 32. Rf1 Ra8 33. Ra1 g4 34. Kd3 Rd8 {Strongly threatening ...Nf5+.} 35. Ke3 Kg6 36. Rac1 Nc4+ 37. Ke2 h5 38. Rf1 Nd6 39. Rcc1 ({White should play} 39. Rfc1 $11) 39... Ra8 40. Kd3 Rd8 41. Kc2 Nf7 42. Rcd1 Rd4 43. Rf5 Rxb4 {[#] ...Rd4 is the strong threat.} 44. Rdf1 Nd6 45. Rxe5 {And now Re6+ would win.} Nc4 46. Nxc4 Rbxc4 47. Rxb5 Rxc3+ $11 {[%mdl 4096] Endgame KRR-KRR} 48. Kb1 R6c5 49. Rxb7 Rxa5 50. Rb8 Rc4 51. Rf4 (51. Rff8 {looks sharper.} Rac5 52. Rh8 Rc1+ 53. Kb2 R1c2+ 54. Kb1) 51... Re5 52. Kb2 Rcxe4 {The position is equal.} 53. Rg8+ $1 Kh7 54. Rff8 $1 Rb5+ 55. Kc3 Re7 56. Kc4 Rbe5 57. Kd4 c5+ 58. Kc4 Rg7 59. Rh8+ Kg6 60. Rc8 Rf7 61. Rcg8+ Rg7 62. Rc8 Rge7 63. Rcg8+ Kf7 64. Rf8+ Kg6 {Accuracy: White = 85%, Black = 65%.} 1/2-1/2

[Event "82nd Tata Steel Challengers 2020"]
[Site "Wijk aan Zee"]
[Date "2020.01.14"]
[Round "4.5"]
[White "Saduakassova, Dinara"]
[Black "Ganguly, Surya Shekhar"]
[Result "0-1"]
[WhiteElo "2519"]
[BlackElo "2636"]
[Annotator "TA"]
[PlyCount "52"]
[EventDate "2020.01.11"]
[EventType "tourn"]
[EventCountry "NED"]
[SourceTitle "playchess.com"]
[Source "ChessBase"]
[SourceQuality "1"]

{[%evp 14,52,47,48,47,46,52,56,49,45,45,41,45,51,52,18,18,2,66,52,56,96,105,108,142,-40,-13,-891,-797,-881,-887,-29984,-29985,-29985,-29986,-29988,-29989,-29989,-29990,-29990,-29991]} 1. d4 Nf6 2. c4 e6 3. Nf3 d5 4. g3 dxc4 5. Bg2 a6 6. O-O Nc6 7. e3 Rb8 8. Nfd2 e5 {E04: Open Catalan: 5 Nf3} 9. Bxc6+ bxc6 10. dxe5 Ng4 {White is slightly better.} 11. Nxc4 Be6 12. Nbd2 (12. Qe2 h5 13. Rd1 Qc8 14. Qf3 Rb6 15. Nxb6 cxb6 16. h4 Nxe5 {½-½ (41) Grischuk,A (2759)-Ding,L (2811) Khanty-Mansiysk 2019}) 12... Bb4 13. b3 $146 ({Predecessor:} 13. Qc2 h5 {0-1 (23) Kim,Y (2360)-Matsenko,S (2533) Sturbridge 2018}) 13... h5 14. Qc2 h4 {aiming for ...Nxh2!} 15. Nf3 $1 {h3 is the strong threat.} hxg3 (15... Qd7 $11) 16. fxg3 $14 Bc5 17. h4 Rh5 18. Kg2 $1 g5 {[%cal Rg5h4]} 19. e4 $2 ({But not} 19. Nxg5 $2 {[#]} Qxg5 $1 {[%mdl 512]} 20. Qe4 (20. Nd6+ $2 cxd6 21. e4 Qxe5 $19) 20... Bd5 $1 $19 {[%mdl 512]}) (19. Rd1 $1 $16 {[%cal Rd1d8]} Qc8 20. Nxg5 Rxg5 21. hxg5 Bd5+ 22. Rxd5 cxd5 23. Na5 Nxe5 24. Bb2 (24. Qxc5 Qg4 $11)) 19... gxh4 $15 20. Nxh4 $2 {[%mdl 8192]} (20. gxh4 $11 Rxh4 21. Rd1 (21. Nxh4 $2 Qxh4 22. Bf4 Nxe5 $19)) 20... Rxh4 $19 21. gxh4 Qxh4 {Hoping for ...Qh2+.} 22. Rh1 {[#]} Nh2 $1 {[%csl Ge6][%cal Rh4h3][%mdl 512] Black mates.} 23. Be3 (23. Rxh2 Qg4+) 23... Qh3+ {[%mdl 64] Double Attack} 24. Kg1 Bxc4 25. Rxh2 Qxe3+ 26. Kh1 {[#]} Bd3 $1 {[%mdl 64] Double Attack. Accuracy: White = 43%, Black = 67%.} 0-1